000 00228nam a22001097a 4500
082 _a371.77 STE'L
100 _aSTEWART, ROY
_960249
245 _aLIVING SAFELY
260 _aMINN
_bBURGESS
_c1957
300 _a101P
942 _cBK
999 _c570030
_d570030